000 00284nam a2200121Ia 4500
008 191201s2008 xx 000 0 und d
100 _aGEETA PRESS
245 0 _aKalyana-Kalpataru
260 _aN. Delhi
_bGeeta Press
_c2008
300 _a402
650 _aGeneral Books
942 _2ddc
_cBK
999 _c736
_d736